Normal view
MARC view
Entry Topical Term
001 - CONTROL NUMBER
- control field: 54974
003 - CONTROL NUMBER IDENTIFIER
- control field: OSt
005 - DATE AND TIME OF LATEST TRANSACTION
- control field: 20241009150928.0
008 - FIXED-LENGTH DATA ELEMENTS
- fixed length control field: 241009|| aca||aabn | a|a d
040 ## - CATALOGING SOURCE
- Original cataloging agency: OSt
- Transcribing agency: OSt
150 ## - HEADING--TOPICAL TERM
- Topical term or geographic name entry element: ဝိပဿသနာ
670 ## - SOURCE DATA FOUND
- Source citation: Work cat.: (OSt)16613: ဝိသုဒ္ဓဉာဏ၊ ဦး(ဝိဇ္ဇာ) 17253, သိပ္ပံနည်းကျဗုဒ္ဓဝိပဿနာ /, ၁၉၇၉။